000 00503nam a2200181Ia 4500
005 20250508152204.0
008 008 250505s9999 xx 000 0 eng d
037 _aTextual
040 _aFEDL
_beng
_cFEDL
041 _aeng
_2eng
084 _a822.33, SHA
_qFEDL
100 _aShakespeare William
245 0 _aTwelfth night or, what you will
260 _aLondon, UK
_bMcmillan and Company
_c1950
300 _axxvi,184p
942 _cTEXL
_h822.33, SHA
999 _c1334854
_d1334854